| 000 | 00403nam a22001457a 4500 | ||
|---|---|---|---|
| 020 | _a9780072930962 | ||
| 040 | _cNUST | ||
| 082 | _a006.76 SOS | ||
| 100 |
_aSosinsky, Barrie _9113989 |
||
| 110 |
_aHilley, Valda _9113990 |
||
| 245 |
_aProgramming the Web: _bAn Introducation |
||
| 260 |
_aBoston: _bMcGraw-Hill Technology Education, _c2004. |
||
| 650 |
_aProgramming the Web _9113991 |
||
| 942 |
_2ddc _cBK |
||
| 999 |
_c595402 _d595402 |
||